Sanat: Pimeyden Tango, Eppu Normaali - Statistics

Yleistilastot
  • Tätä visaa on pelattu 109 kertaa
    103 viimeisimmän päivityksen jälkeen
  • Keskiarvotulos 92 / 149
Vastaustilastot
Vastaus % Oikein
päivä
95%
Se
95%
se
95%
kaupungin
93%
Vaihtuu
93%
vaihtuu
93%
yöksi
93%
ja
91%
pimeyden
91%
kuulen
88%
Kuulin
88%
valo
84%
kutsuhuudon
81%
minäkin
81%
Sen
81%
Mua
79%
mua
79%
tangoa
79%
seuraa
77%
Taas
77%
Vaan
74%
jäin
72%
kuin
72%
Kuin
72%
ei
70%
Soitto
70%
tanssimaan
70%
tuon
70%
ulos
70%
Ulos
70%
yksin
70%
Yksin
70%
näin
65%
sävelen
65%
sua
65%
rappukäytävään
63%
Vielä
63%
vielä
63%
hiljeni
60%
pimeys
60%
etsin
58%
ilotaloihin
58%
kapakoihin
58%
karkoittaa
58%
kävelen
58%
luota
58%
minusta
58%
mitä
58%
soiton
58%
tarkoittaa
58%
tarttuu
58%
tiedän
58%
vainoaa
58%
vanhaan
58%
ystävään
58%
jää
56%
joskus
56%
Joskus
56%
kauniin
56%
mutta
56%
ovestani
56%
valoihin
56%
valojen
56%
eivätkä
53%
ihmisten
53%
ne
53%
Tahdissa
53%
väistä
53%
kaipaan
51%
kirkas
51%
lähtevän
51%
pimeässä
51%
tumman
51%
väistivät
51%
valot
51%
ainoaa
49%
luotani
49%
uhriansa
49%
asti
47%
Kuljin
47%
löydän
47%
Siihen
47%
takinliepeeseen
47%
kaverin
44%
päin
44%
sinuun
44%
törmään
44%
valoja
44%
täyttyy
42%
synkän
40%
toive
40%
Jälleen
37%
helmoistani
35%
kamalasti
16%
Ehtoja vastaavia visoja ei löytynyt
Tulosjakauma
Jokaisen tuloksen saaneiden osuus
Persentiili vastausten määrän mukaan
Tuloshistoriasi
Et ole pelannut tätä visaa sen viimeisimmän päivityksen jälkeen